000 00274nam a22001337a 4500
008 170920b xxu||||| |||| 00| 0 eng d
020 _a9780673522931
041 _aeng
080 _24TH
_a7
100 _a45
101 _aART
245 _aART
_cBARNET,S
942 _2udc
_cBK
999 _c28514
_d28514